000 01005nas a2200337 4500
001 BR9705172
003 BR-BrBNA
005 20231205100615.0
007 ta
008 230509b bl.|||p| |||| 00| 00por d
040 _aBR-BrBNA
_bpor
_cBiblioteca Nacional de Agricultura
041 _a(Pt)
072 _aF03; J10
100 1 _aBraccini, A. de L. e
100 1 _aReis, M.C.
100 1 _aSediyama, C.S.
100 1 _aRocha, V.S.
100 1 _aSediyama, T.
245 1 _aInfluencia do processo de hidratacao desidratacao na qualidade fisiologica de sementes de soja durante o armazenamento
650 _aSoja
650 _aSemente
650 _aGerminacao
650 _aArmazenamento
650 _aCondicao Ambiental
650 _aDesidratacao Osmotica
650 _aHidratacao
650 _aSecagem
773 0 _tRevista Brasileira de Sementes (Brazil)
_xISSN 0101-3122
_g(1997), v. 19(1) p. 80-87
_wBR9705172
909 _a202311
_bLúcia
_c55
_dLúcia Elande
942 _2AGRIS
_n0
_cANA
999 _c156974
_d156974